Dandingo 2 - Statistics

General Stats
  • This quiz has been taken 8 times
  • The average score is 12 of 15
Answer Stats
Hint Answer % Correct
most likely to catch a case? dan
100%
most hickies? eddie
100%
most likely to smile at a text? eddie
100%
worst chef? lily
100%
most likely to shag a ginger? micah
100%
most likely to drop out next? miles
100%
most likely to sleep in moss side? miles
100%
most likely to get sunburnt? scarlet
100%
best calves? josh
80%
most likely to contract syphillis? lulu
80%
worst in bed? ruby
80%
best trim? vlad
80%
best in bed? freddie
60%
most likely to be in the MI5? ella
40%
sexiest boyfriend? nolian
20%
No matching quizzes found
Score Distribution
Percent of People with Each Score
Percentile by Number Answered
Your Score History
You have not taken this quiz